Bottle Episodes Quiz Stats

 Plays Quiz not verified by Sporcle

Challenge
Share
Tweet
Score 0/23 Timer 10:00
0 Plays Today
% Correct
Breaking Bad (''Fly'')
96.3%
Star Trek (''Balance of Terror'')
94.4%
How I Met Your Mother (''The Limo'')
93.8%
Family Guy (''Brian & Stewie'')
89.5%
Seinfeld (''The Chinese Restaurant'')
86.4%
Friends (''The One Where No One's Ready'')
80.2%
Community (''Cooperative Calligraphy'')
73.5%
Bones (''The Man in the Fallout Shelter'')
69.8%
Doctor Who (''Midnight'')
69.1%
Buffy the Vampire Slayer (''Older and Far Away'')
67.9%
Bewitched (''A Is For Aardvark'')
52.5%
The Sopranos (''Pine Barrens'')
49.4%
% Correct
The West Wing (''17 People'')
48.8%
The X-Files (''Ice'')
46.9%
All in the Family (''Two's Company'')
35.2%
The United States of Tara (''Torando!'')
33.3%
Mad About You (''The Conversation'')
31.5%
Battlestar Galactica (''Unfinished Business'')
24.1%
Red Dwarf (''Marooned'')
23.5%
Firefly (''Out Of Gas'')
21.6%
Homicide: Life on the Street (''Three Men and Adena'')
19.1%
24 (“Day 5: 7:00 p.m.-8:00 p.m.”)
13.6%
Men Behaving Badly (''Watching TV'')
5.6%

You're not logged in!

Compare scores with friends on all Sporcle quizzes.
Join for Free
OR
Log In

You Might Also Like...

Show Comments

Extras

Top Quizzes Today


Score Distribution

Your Account Isn't Verified!

In order to create a playlist on Sporcle, you need to verify the email address you used during registration. Go to your Sporcle Settings to finish the process.

Report this User

Report this user for behavior that violates our Community Guidelines.

Details: